Les pays sur plusieurs continents - Statistiques

Statistiques générales
  • Ce quiz a été pris 282 fois
  • Le résultat moyen est 15 sur 26
Statistiques - réponses
Pays % Correct
Russie
93%
France
90%
Espagne
84%
États Unis
84%
Turquie
84%
Royaume Uni
80%
Portugal
75%
Danemark
70%
Australie
67%
Pays bas
66%
Italie
61%
Egypte
59%
Indonésie
59%
Japon
58%
Argentine
53%
Afrique du Sud
49%
Norvège
49%
Chili
48%
Nouvelle Zélande
47%
Géorgie
43%
Azerbaïdjan
37%
Colombie
36%
Panama
36%
Kazakhstan
32%
Venezuela
26%
Yémen
20%
Aucun quiz correspondant
Distribution des résultats
% des personnes avec chaque résultat
Percentile par nombre de réponses
Votre historique - résultats
Vous n’avez pas pris ce quiz